Agricultural Finance And Co-operation , कृषि वित्त एवम सहकारिता (Record no. 90284)

MARC details
000 -LEADER
fixed length control field 00612nam a22001697a 4500
005 - DATE AND TIME OF LATEST TRANSACTION
control field 20260509134517.0
008 - FIXED-LENGTH DATA ELEMENTS--GENERAL INFORMATION
fixed length control field 260509b |||||||| |||| 00| 0 eng d
020 ## - INTERNATIONAL STANDARD BOOK NUMBER
International Standard Book Number 9789355406255
040 ## - CATALOGING SOURCE
Original cataloging agency SGVU Library
Transcribing agency SGVU Library
082 ## - DEWEY DECIMAL CLASSIFICATION NUMBER
Edition number 22
Classification number 332.71
Item number SOO A
100 ## - MAIN ENTRY--PERSONAL NAME
Personal name Sonvanee Om Prakash And Sahu Yogeshwari
9 (RLIN) 40311
245 ## - TITLE STATEMENT
Title Agricultural Finance And Co-operation , कृषि वित्त एवम सहकारिता
Medium Hindi
260 ## - PUBLICATION, DISTRIBUTION, ETC.
Place of publication, distribution, etc. New Delhi , India
Name of publisher, distributor, etc. Kalyani Publishers
Date of publication, distribution, etc. 2024
300 ## - PHYSICAL DESCRIPTION
Extent 137p
Other physical details PB
650 ## - SUBJECT ADDED ENTRY--TOPICAL TERM
Source of heading or term Agriculture
Chronological subdivision G4767
9 (RLIN) 40313
942 ## - ADDED ENTRY ELEMENTS (KOHA)
Source of classification or shelving scheme Dewey Decimal Classification
Koha item type Books
Call number prefix 332.71 SOO A
Holdings
Withdrawn status Lost status Source of classification or shelving scheme Damaged status Not for loan Home library Current library Date acquired Source of acquisition Cost, normal purchase price Total Checkouts Full call number Barcode Date last seen Cost, replacement price Price effective from Koha item type
    Dewey Decimal Classification     Suresh Gyan Vihar University Library Suresh Gyan Vihar University Library 09/05/2026 KALYANI PUBLISHERS 195.00   332.71 SOO A G4767 09/05/2026 195.00 09/05/2026 Books


House of Wisdom: Central Library
Suresh Gyan Vihar University, Mahal, Jagatpura Jaipur,India.
Contact – Dr. Pramod Singh, Chief Librarian
Contact – 9413326520
E-mail: pramod.singh@mygyanvihar.com
             
Implemented & Customized by: BestBookBuddies

Powered by Koha